Racionálne a subjektívne prístupy v manažérskom rozhodovaní a ich uplatnenie v podnikoch SR habilitačná prednáška
Gespeichert in:
| 1. Verfasser: | |
|---|---|
| Körperschaft: | |
| Weitere Verfasser: | , , |
| Format: | Buch |
| Sprache: | Slowakisch |
| Veröffentlicht: |
Bratislava
[Vydavateľstvo EKONÓM]
2011
|
| Schriftenreihe: | Habilitačné a inauguračné prednášky
|
| Schlagworte: | |
| Tags: |
Keine Tags, Fügen Sie das erste Tag hinzu!
|
MARC
| LEADER | 00000nam$a2200000$$$4500 | ||
|---|---|---|---|
| 001 | 0145431 | ||
| 005 | 20240502072622.3 | ||
| 041 | 0 | |a slo | |
| 044 | |a SK | ||
| 245 | 1 | 0 | |a Racionálne a subjektívne prístupy v manažérskom rozhodovaní a ich uplatnenie v podnikoch SR |b habilitačná prednáška |c Nadežda Jankelová |
| 264 | 1 | |a Bratislava |b [Vydavateľstvo EKONÓM] |c 2011 | |
| 300 | |a 66 s. | ||
| 490 | 1 | |a Habilitačné a inauguračné prednášky | |
| 830 | 0 | |a Habilitačné a inauguračné prednášky | |
| 610 | 2 | 0 | |a rozhodovanie manažérske |
| 610 | 2 | 0 | |a rozhodovanie podnikové |
| 610 | 2 | 0 | |a podnik |
| 100 | 1 | |a Jankelová, Nadežda, 1966- | |
| 700 | 1 | |a Grznár, Miroslav | |
| 700 | 1 | |a Režňáková, Mária | |
| 700 | 1 | |a Cvečko, Juraj | |
| 710 | 2 | |a Ekonomická univerzita v Bratislave. Fakulta podnikového manažmentu | |